000 00707nam a22002297a 4500
003 BPGM
005 20260625221543.0
008 260625b2001 mx ||||| |||| 00| 0 spa d
040 _aBPGM
_bspa
041 _aspa
_hspa
082 0 4 _aPTM /
_b540 /
100 _aFLORES VALENCIA, VICTOR MANUEL FERNANDO.
245 _aMANUAL DE LABORATORIO SEGURIDAD, HIGIENE Y PRIMEROS AUXILIOS.
260 _aQUERETARO;
_bQURETARO UAQ,
_c2001.
300 _a46 paginas.
_c21.3 cm x 13.8 cm
336 _2rdacontent
_atexto
_btxt
337 _2rdamedia
_asin mediación
_bn
338 _2rdacarrier
_avolumen
_bnc
650 _aCIENCIAS NATURALES Y MATEMATICAS
650 _aQUIMICA Y CIENCIAS AFINES
942 _2ddc
_cCOLQ
999 _c68671
_d68671